000 00601nam a2200205Ia 4500
005 20250505145659.0
008 008 250505s9999 xx 000 0 eng d
037 _aTextbook
040 _aFML
_bhin
_cFML
041 _ahin
_2hin
084 _aNR44xH50 R3;2
_qFML
100 _aSingh, Lavanya Kirti
_9678309
245 0 _aVaachanacharya Sudhakalshabirachit : Sangeetapaniptshaodaar
260 _aNew Delhi , India
_bKanishka Pub. Dist.
_c2023
300 _a100p
365 _aINR
_b450
650 _aMusic
942 _cTB
_hNR44xH50 R3;2
999 _c1311391
_d1311391